[Event "Abruzzo Region-ch"]
[Site "Teramo"]
[Date "2011.05.22"]
[Round "3"]
[White "Scurti, Gino"]
[Black "Melasecchi, Paolo"]
[Result "1-0"]
[WhiteElo "1694"]
[BlackElo "1750"]
[PlyCount "45"]
[EventDate "2011.05.21"]
[EventType "swiss"]
[EventRounds "6"]
[EventCountry "ITA"]
[SourceTitle "EXT 2024"]
[Source "ChessBase"]
[SourceDate "2023.10.10"]
[SourceVersion "1"]
[SourceVersionDate "2023.10.10"]
[SourceQuality "1"]

1. e4 e6 2. d4 d5 3. Nd2 Nf6 4. e5 Nfd7 5. Ngf3 c5 6. c3 Nc6 7. Be2 f6 8. exf6 Nxf6 9. 0-0 c4 10. Ne5 Ne7 11. Ndf3 h6 12. Nh4 g6 13. Nhxg6 Nxg6 14. Nxg6 Rg8 15. Nxf8 Rxf8 16. Bxh6 Rg8 17. Bh5+ Kd7 18. Bf7 Rh8 19. Bg5 Qc7 20. g3 Ne4 21. Bf4 Qd8 22. Bg6 Ng5 23. Qa4+ 1-0